000 00462nam a2200181 4500
003 SEACOMMC
005 20251017120041.0
008 230930b |||||||| |||| 00| 0 eng d
020 _c365.00
_a978-8125925323
040 _aSEACOMMC
082 _a005.117
_bK45
100 _aKhurana, Rohit
245 _aObject Oriented Programming C++
_cRohit Khurana
260 _aKolkata
_bVikas
_c2009
650 _aComputer Science Engineering
700 _aRohit
942 _cGBK
999 _c9
_d9